| 000 | 00598cam a2200217ua 4500 | ||
|---|---|---|---|
| 001 | 6850 | ||
| 005 | 20260515114120.0 | ||
| 008 | 140301n ii |||gr||||Z||||||eng | ||
| 020 | _a978-93-272-1136-8 | ||
| 040 | _cMAIN | ||
| 082 | _a519.5 | ||
| 245 |
_aCommercial mathematics and statistics _cBy S.C. Chanda |
||
| 250 | _a5th ed. | ||
| 260 |
_aLudhiana: _bKalyani publishers, _c2011. |
||
| 300 | _ax,401p. | ||
| 653 | _aProbabilities & applied mathematics | ||
| 653 | _aCommercial mathematics and statistics | ||
| 700 |
_aChanda,S.C., _eAuthor., |
||
| 700 |
_aNag,N.K., _eAuthor. |
||
| 942 | _cBK | ||
| 999 |
_c5992 _d5992 |
||